| 000 | 00873nam a2200205 u 4500 | ||
|---|---|---|---|
| 001 | 000378241 | ||
| 003 | AM-YeHGA | ||
| 005 | 20250617132059.0 | ||
| 008 | 041105s1976 ||||||||||||||||||||rus d | ||
| 040 | _aAM-YeHGA | ||
| 041 | 0 | _arus | |
| 100 | 1 | _aМудров, Петр Григорьевич | |
| 245 | 1 | 0 |
_aПространственные механизмы с вращательными парами / _cП.Г. Мудров ; Ред. Ю.И. Соловьев. |
| 260 |
_aКазань : _bИзд-во Казан. ун-та, _c1976. |
||
| 300 |
_a264 с. : _bил. |
||
| 504 | _aСписок лит. с. 258-261 | ||
| 650 | 1 | 4 | _aТеория машиностроения (машиноведение). Механика как теоретическая основа машиностроения |
| 700 | 1 |
_aСоловьев, Ю.И. _eред. _4edt |
|
| 090 | _c145993 | ||
| 999 |
_c144609 _d144609 |
||